Famous Literary Hats Quiz Stats

 Plays Quiz Updated Jul 3, 2019

Score 0/12 Timer 03:00
15 Plays Today
% Correct
Sherlock Holmes
95.6%
Cat in the Hat
95.4%
Man with the Yellow Hat
93.5%
Gandalf the Grey
93.3%
Harry Potter
91.4%
Waldo|Wally
91%
Mad Hatter
90.2%
Sir Topham Hatt
89.5%
Madeline
87.8%
Paddington Bear
84.8%
Alex
84.6%
Holden Caulfield
82.4%

You're not logged in!

Compare scores with friends on all Sporcle quizzes.
OR
Log In

Sporcle TV

Today on Sporcle TV


Watch our educational content, quiz creation guides, and fun videos on Sporcle TV.

Show Comments

Extras

Top Quizzes Today


Score Distribution

Your Account Isn't Verified!

In order to create a playlist on Sporcle, you need to verify the email address you used during registration. Go to your Sporcle Settings to finish the process.

Report this User

Report this user for behavior that violates our Community Guidelines.

Details: